Star Wars Rebels Episodes - Statistics

General Stats
  • This quiz has been taken 15 times
  • The average score is 45 of 79
Answer Stats
Hint Answer % Correct
a 3 Droids in Distress
75%
a 8 Empire Day
75%
a 4 Fighter Flight
75%
a 15 Fire Across the Galaxy
75%
a 1 Spark of Rebellion: Part 1
75%
a 2 Spark of Rebellion: Part 2
75%
d 13 A World Between Worlds
67%
c 5 Hera's Heroes
67%
b 11 Legacy
67%
a 7 Out of Darkness
67%
b 4 Relics of the Old Republic
67%
a 5 Rise of the Old Masters
67%
b 3 The Lost Commanders
67%
b 13 The Protector of Concord Dawn
67%
b 1 The Siege of Lothal: Part 1
67%
b 2 The Siege of Lothal: Part 2
67%
b 21 Twilight of the Apprentice: Part 1
67%
b 22 Twilight of the Apprentice: Part 2
67%
c 20 Twin Suns
67%
c 21 Zero Hour: Part 1
67%
c 22 Zero Hour: Part 2
67%
d 14 A Fool's Hope
58%
b 5 Always Two There Are
58%
c 10 An Inside Man
58%
b 12 A Princess on Lothal
58%
b 8 Blood Sisters
58%
a 6 Breaking Ranks
58%
b 6 Brothers of the Broken Horn
58%
a 13 Call to Action
58%
c 19 Double Agent Droid
58%
d 11 DUME
58%
d 15 Family Reunion – and Farewell: Part 1
58%
d 16 Family Reunion – and Farewell: Part 2
58%
a 9 Gathering Forces
58%
c 12 Ghosts of Geonosis: Part 1
58%
c 13 Ghosts of Geonosis: Part 2
58%
d 10 Jedi Night
58%
c 16 Legacy of Mandalore
58%
a 10 Path of the Jedi
58%
d 9 Rebel Assault
58%
a 14 Rebel Resolve
58%
c 18 Secret Cargo
58%
b 18 Shroud of Darkness
58%
b 9 Stealth Strike
58%
b 15 The Call
58%
b 10 The Future of the Force
58%
c 6 The Last Battle
58%
b 20 The Mystery of Chopper Base
58%
c 9 The Wynkahthu Job
58%
c 17 Through Imperial Eyes
58%
c 15 Trials of the Darksaber
58%
a 12 Vision of Hope
58%
c 14 Warhead
58%
b 7 Wings of the Master
58%
d 12 Wolves and a Door
58%
d 8 Crawler Commandeers
50%
d 6 Flight of the Defender
50%
d 1 Heroes of Mandalore: Part 1
50%
d 2 Heroes of Mandalore: Part 2
50%
b 16 Homecoming
50%
c 7 Imperial Supercommandos
50%
d 3 In the Name of the Rebellion: Part 1
50%
d 4 In the Name of the Rebellion: Part 2
50%
c 8 Iron Squadron
50%
d 7 Kindred
50%
b 14 Legends of the Lasat
50%
c 1 Steps Into Shadow: Part 1
50%
c 2 Steps Into Shadow: Part 2
50%
c 3 The Holocrons of Fate
50%
b 17 The Honorable Ones
50%
e 1 The Machine in the Ghost
50%
d 5 The Occupation
50%
c 4 The Antilles Extraction
42%
b 19 The Forgotten Droid
42%
c 11 Visions and Voices
42%
e 2 Art Attack
33%
e 4 Property of Ezra Bridger
33%
e 3 Entanglement
17%
a 11 Idiot's Arrayision of Hope
17%
No matching quizzes found
Score Distribution
Percent of People with Each Score
Percentile by Number Answered
Your Score History
You have not taken this quiz